000 00482nam a2200169Ia 4500
008 240428s9999||||xx |||||||||||||| ||und||
020 _a1555875009
041 _aeng
082 _a321.8A
100 _aArat, Zehra F.
245 0 _aDemocracy and human rights in developing countries
260 _bLynne Rienner Publishers
_aColorado:
_c1991
300 _axi, 219p, tabs
650 _aDemocracy. - Human rights -- Developing countries. - Civil rights
942 _cBK
999 _c488
_d488